00509nam a22001697a 450000500170000002000180001703700080003510000220004324500980006526000370016327000300020030000300023049000160026070000200027670000230029670000200031920111227164049.0 a9780431932859 bPUB aBarraclough, Sue  aPlants /cby Sue Barrachlough; edited by Sarah Shannon, Catherine Clarke (and) Laura Knowles  aLondon bHeinemann Libraryc2009 a7 Pilgrim StreetbLondon  a32p. c23cm(Hb) bphotos  aInvestigate a Shannon, Sarah a Clarke, Catherine a Knowles, Laura